State Capital by State - Map Quiz - Statistics

General Stats
  • This quiz has been taken 19 times
  • The average score is 36 of 50
Answers on the Map
Answers color-coded by a green-red scale on the quiz's map according to % correct below.
 
Answer Stats
Answer % Correct
Austin
100%
Honolulu
100%
Sacramento
100%
Phoenix
94%
Atlanta
88%
Baton Rouge
88%
Nashville
88%
Salt Lake City
88%
Santa Fe
88%
Helena
82%
Little Rock
82%
Oklahoma City
82%
Olympia
82%
Tallahassee
82%
Boise
76%
Carson City
76%
Cheyenne
76%
Denver
76%
Indianapolis
76%
Juneau
76%
Salem
76%
Boston
71%
Lansing
71%
Pierre
71%
Richmond
71%
Trenton
71%
Albany
65%
Augusta
65%
Bismarck
65%
Des Moines
65%
Dover
65%
Frankfurt
65%
Hartford
65%
Jackson
65%
Lincoln
65%
Montgomery
65%
Raleigh
65%
Springfield
65%
St. Paul
65%
Charleston
59%
Concord
59%
Jefferson City
59%
Providence
59%
Topeka
59%
Annapolis
53%
Columbia
53%
Columbus
53%
Harrisburg
53%
Madison
53%
Montpelier
41%
No matching quizzes found
Score Distribution
Percent of People with Each Score
Percentile by Number Answered
Your Score History
You have not taken this quiz